01403nam a2200337Ia 4500001001200000003000800012006001900020007001500039008004100054020002200095020001800117040002100135035002100156050002500177100001700202245009900219250001700318260004800335300003400383504004100417533015200458546003900610650005100649650005800700650005700758651006100815655002900876710001700905856012600922999001701048ebr10403921CaPaEBRm u cr cn|||||||||060228s2006 caua sb 000 0 eng d z1932595112 (hbk.) z9781932595116 aCaPaEBRcCaPaEBR a(OCoLC)68061665114aHQ200.B4bG67 2006eb1 aGordon, Mel.10aVoluptuous panich[electronic resource] :bthe erotic world of Weimar Berlin /cby Mel Gordon. aExpanded ed. aLos Angeles, Calif. :bFeral House,cc2006. ax, 303 p. :bill. (some col.) aIncludes bibliographical references. aElectronic reproduction.bPalo Alto, Calif. :cebrary,d2010.nAvailable via World Wide Web.nAccess may be limited to ebrary affiliated libraries. aText in English, with some German. 0aNaziszGermanyzBerlinxHistoryy20th century. 0aProstitutionzGermanyzBerlinxHistoryy20th century. 0aSex tourismzGermanyzBerlinxHistoryy20th century. 0aBerlin (Germany)xSocial life and customsy20th century. 7aElectronic books.2local2 aebrary, Inc.40uhttp://site.ebrary.com/lib/rucke/Doc?id=10403921zAn electronic book accessible through the World Wide Web; click to view c81619d81619